00677 2200241 4500001002100000005001700021008004100038035002500079040001200104082000800116090001300124100001600137245011000153250001100263260003300274300002500307650002200332700001800354700001800372700001700390850001200407990001600419YOGYA-0209000000485020150410101323.0 ind  a0010-020900000004850 aYOPDYOG a060 a060bStr aMASLOW, A.H aStruktur organisasi dan dinamikanyacoleh, A.H. Maslow...[et.al.] ; editor, S.G. Huneryager, I.L. Heckman aCet. 1 aSemarangbDahara Prizec1992 a144 hlmbilusc21 cm aManajemen lembaga aHeckman, I.L. aHuneryager, G aMaslow, A.H. aYOPDYOG a102460-P/97